Roosevelt research : collections for the study of Theodore, Franklin, and Eleanor /

Bibliographic Details
Main Author: Lester, DeeGee
Format: Book
Language:English
Published: Westport, Conn. : Greenwood Press, 1992.
Series:Bibliographies and indexes in American history. no. 23.
Subjects:

MARC

Tag First Indicator Second Indicator Subfields
LEADER 00000cam a2200000 a 4500
001 in00001168437
005 20151001083010.0
008 920316s1992 ctu c 001 0 eng
010 |a  92010072  
015 |a GB92-46304 
019 |a 28066258 
020 |a 0313272042 (alk. paper) 
035 |a (OCoLC)25632444 
035 |9 AGF5793AM 
040 |a DLC  |c DLC  |d UKM  |d TXA  |d UtOrBLW 
049 |a TXAM 
050 0 0 |a CD3029.5.R66  |b L47 1992 
082 0 0 |a 016.973917/092/2  |2 20 
100 1 |a Lester, DeeGee. 
245 1 0 |a Roosevelt research :  |b collections for the study of Theodore, Franklin, and Eleanor /  |c DeeGee Lester. 
264 1 |a Westport, Conn. :  |b Greenwood Press,  |c 1992. 
300 |a x, 194 pages ;  |c 25 cm. 
336 |a text  |b txt  |2 rdacontent 
337 |a unmediated  |b n  |2 rdamedia 
338 |a volume  |b nc  |2 rdacarrier 
490 1 |a Bibliographies and indexes in American history,  |x 0742-6828 ;  |v no. 23 
500 |a Includes index. 
541 0 |a Donated by Susan Dixon Richardson and Joe C. Richardson, Jr. for the Jayne and William H. Mobley Collection in Presidential Studies 
600 3 0 |a Roosevelt family  |x Archives  |x Catalogs. 
600 1 0 |a Roosevelt, Theodore,  |d 1858-1919  |x Archives  |x Catalogs. 
600 1 0 |a Roosevelt, Franklin D.  |q (Franklin Delano),  |d 1882-1945  |x Archives  |x Catalogs. 
600 1 0 |a Roosevelt, Eleanor,  |d 1884-1962  |x Archives  |x Catalogs. 
600 3 4 |a Roosevelt (Family) 
600 1 4 |a Roosevelt, Theodore,  |d 1858-1919. 
600 1 4 |a Roosevelt, Franklin D.  |q (Franklin Delano),  |d 1882-1945. 
600 1 4 |a Roosevelt, Eleanor,  |d 1884-1962. 
830 0 |a Bibliographies and indexes in American history.  |x 0742-6828 ;  |v no. 23. 
999 |a MARS 
999 f f |s 9ebcb756-803d-39c3-808b-a36441265f09  |i a839c2e5-0e1e-33ba-a3b2-a934612b2d3c  |t 0 
952 f f |p ric  |a Texas A&M University  |b Rellis Campus  |c Joint Library Facility  |d Remote Storage  |t 0  |e CD3029.5.R66 L47 1992  |h Library of Congress classification  |i unmediated -- volume  |m A14818217278 
998 f f |a CD3029.5.R66 L47 1992  |t 0  |l Remote Storage